00784nam a22002177a 450000500170000001000150001702000270003203500140005903700130007308200150008610000180010124500870011926000400020627000440024630000310029050000510032170000190037294200290039199900190042095201270043920161205154900.0 aENG-116739 a9788184846096c1880.00 aEN-100271 bDBAD/PUB a344.540411 aPradeep Kumar aMedical negligence and consumer law /cby Pradeep kumar ; foreword by Priti Saxena aNew DelhibRegal Publicationsc2017 aF-159 Rajouri GardenbNew Delhie110027 aviii,210p.:c23cm(Hb)bill aIncludes bibliographical references and index aSaxena, Priti  2ddccENh344.540411mPRA c104964d104964 001040708NFICaCJbCJd2016-11-30eDBAD/PUBg1880.00l0o344.540411 PRApEN-100271r2016-12-05 00:00:00t1v1880.00yEN